| 000 | 01148nam a22002657a 4500 | ||
|---|---|---|---|
| 005 | 20260212195512.0 | ||
| 008 | 260212b ||||| |||| 00| 0 eng d | ||
| 020 | _a9789587789225 | ||
| 040 |
_aCO-BoUCM _cSandra Palacio _dSandra Palacio |
||
| 100 |
_aPérez-Carballo Veiga, Juan _9188082 |
||
| 245 |
_aValoración de Start-Ups y Pymes en crecimiento _bCómo estimar su valor paso a paso con ejemplos resueltos _cJuan Pérez-Carballo Veiga |
||
| 260 |
_aBogotá (Colombia) _bAlpha Editorial _c2023 |
||
| 300 |
_a197 páginas _bgráficos |
||
| 650 | 0 | 4 |
_aValoración de start-ups y pymes en crecimiento _9188083 |
| 650 | 0 | 4 |
_aMétodos de valoración empresarial _9188084 |
| 650 | 0 | 4 |
_aValoración de empresas emergentes _9188085 |
| 650 | 0 | 4 |
_aValoración de pymes _9188086 |
| 650 | 0 | 4 |
_aEstimación del valor de negocios _9188087 |
| 650 | 0 | 4 |
_aFinanzas para emprendedores _9188088 |
| 650 | 0 | 4 |
_aAnálisis financiero para startups _9188089 |
| 650 | 0 | 4 |
_aValoración con métodos de múltiplos _9188090 |
| 650 | 0 | 4 |
_ainanzas y estrategia en startups _9188091 |
| 942 |
_2DEWEY _a16 _cLIBRO _e1 _h658.15 _mP438va |
||
| 999 |
_c326124 _d326124 |
||